|
|
|
|
| LEADER |
00000caa a2200000 c 4500 |
| 001 |
1639201440 |
| 003 |
DE-627 |
| 005 |
20241206173446.0 |
| 007 |
tu |
| 008 |
160223s1995 xx ||||| 00| ||ger c |
| 035 |
|
|
|a (DE-627)1639201440
|
| 035 |
|
|
|a (DE-576)455797021
|
| 035 |
|
|
|a (DE-599)BSZ455797021
|
| 040 |
|
|
|a DE-627
|b ger
|c DE-627
|e rakwb
|
| 041 |
|
|
|a ger
|
| 100 |
1 |
|
|a Friedrich, Jörg
|4 aut
|
| 245 |
1 |
4 |
|a Die Radbruchsche Formel
|b Staatskriminalität und gesetzliches Unrecht von Nürnberg bis zu den Mauerschützenprozessen
|c Jörg Friedrich
|
| 264 |
|
1 |
|c 1995
|
| 336 |
|
|
|a Text
|b txt
|2 rdacontent
|
| 337 |
|
|
|a ohne Hilfsmittel zu benutzen
|b n
|2 rdamedia
|
| 338 |
|
|
|a Band
|b nc
|2 rdacarrier
|
| 650 |
|
4 |
|a Radbruch,Gustav
|
| 650 |
|
4 |
|a Recht
|
| 650 |
|
4 |
|a Philosophie
|
| 650 |
|
4 |
|a Strafrecht/Strafjustiz
|
| 650 |
|
4 |
|a Menschenrechtsverletzungen
|
| 650 |
|
4 |
|a Nürnberger Prozesse
|
| 650 |
|
4 |
|a Deutsche Demokratische Republik/DDR
|
| 650 |
|
4 |
|a Law
|
| 650 |
|
4 |
|a Philosophy
|
| 650 |
|
4 |
|a criminal law/criminal justice
|
| 650 |
|
4 |
|a human rights violations
|
| 650 |
|
4 |
|a Nuremberg Trials
|
| 650 |
|
4 |
|a German Democratic Republic/GDR
|
| 773 |
0 |
8 |
|i In
|t Die Friedens-Warte
|d Stuttgart : Berliner Wissenschafts-Verlag, ein Imprint der Franz Steiner Verlag GmbH, 1899
|g (1995), 3/4, Seite 167-194
|w (DE-627)129527254
|w (DE-600)213961-3
|w (DE-576)014947641
|x 0340-0255
|7 nnas
|
| 773 |
1 |
8 |
|g year:1995
|g number:3/4
|g pages:167-194
|
| 889 |
|
|
|w (DE-627)317642669
|
| 935 |
|
|
|a mkri
|
| 935 |
|
|
|i mdedup
|
| 951 |
|
|
|a AR
|
| ELC |
|
|
|b 1
|
| LOK |
|
|
|0 000 xxxxxcx a22 zn 4500
|
| LOK |
|
|
|0 001 3299563424
|
| LOK |
|
|
|0 003 DE-627
|
| LOK |
|
|
|0 004 1639201440
|
| LOK |
|
|
|0 005 20160223094830
|
| LOK |
|
|
|0 008 160208||||||||||||||||ger|||||||
|
| LOK |
|
|
|0 040
|a DE-21-110
|c DE-627
|d DE-21-110
|
| LOK |
|
|
|0 689
|a s
|a Staatskriminalität
|
| LOK |
|
|
|0 689
|a s
|a Mauerschuetzenprozess
|
| LOK |
|
|
|0 689
|a s
|a DDR
|
| LOK |
|
|
|0 852
|z Kein Bestand am IfK; Nachweis für KrimDok
|
| LOK |
|
|
|0 852
|a DE-21-110
|
| LOK |
|
|
|0 852 1
|m v
|9 00
|
| LOK |
|
|
|0 935
|a k110
|
| LOK |
|
|
|0 938
|k v
|
| LOK |
|
|
|0 939
|a 08-02-16
|b l01
|
| ORI |
|
|
|a SA-MARC-krimdoka001.raw
|